| 000 | 00935cab a22002535a 4500 | ||
|---|---|---|---|
| 001 | L159950 | ||
| 008 | 150113e2017 xxk 000 0 eng d | ||
| 035 | _a(Sirsi) u159950 | ||
| 041 | 0 | _aeng | |
| 050 | _a346.410435 $2 18 | ||
| 100 | 1 | _aDefoe, P. | |
| 245 | 0 | 0 |
_aCasting fresh light _h[electronic resource] |
| 260 |
_aLondon _bRICS _c2017 |
||
| 490 |
_aRICS Building Surveying Journal _vMarch - April 2017, 24-25(2) |
||
| 520 | _aReviews rights of light developments subsequent to the recent RICS guidance note Rights of Light. | ||
| 650 | 2 | 4 | _aOTTERCROFT LTD V SCANDIA CARE AND ANOTHER |
| 650 | 2 | 4 | _aSHELFER V CITY OF LONDON ELECTRIC LIGHTING CO LTD 1895 |
| 650 | 2 | 4 | _aHOUSING AND PLANNING ACT 2016 |
| 650 | 2 | 4 | _asection 246 |
| 651 | 4 |
_aUnited Kingdom _y |
|
| 690 |
_aRights of light _96267 |
||
| 856 | 4 | 0 |
_uhttps://issuu.com/ricsmodus/docs/building_surveying_journal_march_ap _yAvailable free online via Issuu |
| 942 | _n0 | ||
| 999 |
_c85074 _d85074 |
||